000 00440nam a2200133Ia 4500
008 230917s9999||||xx |||||||||||||| ||und||
040 _e96331
_aMAIN
041 _aEnglish
082 _a617 S58C
100 _aSangeeta
245 0 _aComparative study of timolal levobunolol and dipivefrin on long term diurnal control of intraocular pressure in cases of primary ope angle glaucoma and /or hypertension
300 _a91, iv p.
942 _cTH
999 _c88658
_d88658